লোডিং...
Exploring biology /
| প্রধান লেখক: | |
|---|---|
| অন্যান্য লেখক: | |
| ভাষা: | Undetermined |
| প্রকাশিত: |
Saunders college publishing ,
1981.
|
| LEADER | 00409nam a2200133Ia 4500 | ||
|---|---|---|---|
| 001 | 21874 | ||
| 008 | 170722s9999 xx 000 0 und d | ||
| 100 | |a Camp, Pamela S. | ||
| 245 | |a Exploring biology / | ||
| 260 | |b Saunders college publishing , |c 1981. | ||
| 700 | |a Arms, Karen | ||
| 942 | |c GEN | ||
| 999 | |c 100865 |d 100865 | ||
| 952 | |0 0 |1 0 |4 0 |6 G_M1CR |7 0 |9 141555 |a LIB |b LIB |d 2017-08-12 |o G M1(cr) |p 188091 |r 2017-08-12 |w 2017-08-12 |y GEN | ||